[Event "SG Ahaus-Wessum 1 - SK Bocholt 1"]
[Site "Verbandsliga 2015/2016"]
[Date "2016.04.23"]
[Round "8.7"]
[White "Wüstnienhaus, Andreas"]
[Black "Terdues, Guido"]
[Result "1/2-1/2"]
[WhiteElo "1912"]
[BlackElo "1717"]
[PlyCount "32"]
[EventDate "2016.??.??"]
[SourceDate "2015.09.20"]

1. d4 f5 2. c4 Nf6 3. Nc3 e6 4. g3 Be7 5. Bg2 d5 6. Nf3 O-O 7. O-O c6 8. b3 Bd7
9. Qc2 b5 10. Ne5 b4 11. Na4 Na6 12. Bb2 Rc8 13. Qd3 Nc7 14. Rac1 Bd6 15. cxd5
cxd5 16. Nc6 Qe8 1/2-1/2

[Event "SG Ahaus-Wessum 1 - SK Bocholt 1"]
[Site "Verbandsliga 2015/2016"]
[Date "2016.04.23"]
[Round "8.8"]
[White "Wehmschulte, Philipp"]
[Black "Gajic, Goran"]
[Result "0-1"]
[WhiteElo "1634"]
[BlackElo "1945"]
[PlyCount "44"]
[EventDate "2016.??.??"]
[SourceDate "2015.09.20"]

1. e4 d6 2. d4 Nf6 3. Bd3 e5 4. dxe5 dxe5 5. Nf3 Bd6 6. O-O h6 7. h3 Be6 8. Nc3
c6 9. b3 Qc7 10. Qe2 Nbd7 11. a4 Nf8 12. Bc4 g5 13. Bxe6 Nxe6 14. Ba3 Bxa3 15.
Rxa3 O-O-O 16. b4 g4 17. hxg4 Nxg4 18. Ng5 hxg5 19. Qxg4 Rh4 20. Qf5 Rdh8 21.
g3 Rh1+ 22. Kg2 R8h2+ 0-1

[Event "SF Olfen 1 - SF Beelen 1"]
[Site "Verbandsliga 2015/2016"]
[Date "2016.04.23"]
[Round "8.1"]
[White "Hofene, Dieter"]
[Black "Koke, Christoph"]
[Result "0-1"]
[WhiteElo "1963"]
[BlackElo "2058"]
[PlyCount "46"]
[EventDate "2016.??.??"]
[SourceDate "2015.09.20"]

1. d4 d5 2. Nc3 Nf6 3. Bg5 c6 4. Qd3 Nbd7 5. O-O-O Qa5 6. Kb1 b5 7. e4 b4 8.
exd5 bxc3 9. dxc6 Qxg5 10. d5 Nb6 11. Qxc3 Nfxd5 12. Qb3 e6 13. Nf3 Qf4 14. Rd4
Qc7 15. c4 Nf6 16. g4 Qxc6 17. c5 Qxc5 18. Bg2 Nfd5 19. Rc1 Qd6 20. Ng5 Be7 21.
Ne4 Qe5 22. Rxd5 exd5 23. f4 Qxf4 0-1

[Event "SF Olfen 1 - SF Beelen 1"]
[Site "Verbandsliga 2015/2016"]
[Date "2016.04.23"]
[Round "8.2"]
[White "Bösel, Alexander"]
[Black "Cigelski, Rudolf"]
[Result "1-0"]
[WhiteElo "1923"]
[BlackElo "1780"]
[PlyCount "57"]
[EventDate "2016.??.??"]
[SourceDate "2015.09.20"]

1. e4 Nc6 2. Nf3 d5 3. exd5 Qxd5 4. Nc3 Qa5 5. d4 Bg4 6. Bb5 Nf6 7. O-O e6 8.
h3 Bh5 9. Qd3 Bg6 10. Qc4 O-O-O 11. Bxc6 bxc6 12. Qxc6 Qb6 13. Qa4 Nd5 14. Nxd5
Rxd5 15. c4 Qa5 16. Qc6 Rd6 17. Qa8+ Kd7 18. Ne5+ Ke7 19. c5 Ra6 20. Nc6+ Rxc6
21. Qxc6 Bd3 22. b4 Bb5 23. Qb7 Qa6 24. Qxc7+ Ke8 25. Re1 Be7 26. d5 Bd8 27.
Qg3 Bf6 28. Qb8+ Bd8 29. Bg5 1-0

[Event "SF Olfen 1 - SF Beelen 1"]
[Site "Verbandsliga 2015/2016"]
[Date "2016.04.23"]
[Round "8.3"]
[White "Hanewinkel, Winfried"]
[Black "Beutelhoff, Josef"]
[Result "1/2-1/2"]
[WhiteElo "1895"]
[BlackElo "2035"]
[PlyCount "82"]
[EventDate "2016.??.??"]
[SourceDate "2015.09.20"]

1. d4 Nf6 2. Nf3 g6 3. Bf4 Bg7 4. e3 d6 5. h3 Nh5 6. Bh2 f5 7. c3 Nf6 8. Qb3 e6
9. Nbd2 O-O 10. Bd3 d5 11. Ne5 Nbd7 12. Nxd7 Nxd7 13. c4 c6 14. cxd5 exd5 15.
O-O-O b5 16. Qc2 Bb7 17. Nb3 a5 18. Nc5 Nxc5 19. Qxc5 Rf7 20. Qd6 Qe7 21. h4 b4
22. Bf4 Bf8 23. Qe5 Qd7 24. h5 g5 25. Bh2 h6 26. Kb1 Re8 27. Qg3 a4 28. Bc2 a3
29. b3 Ba6 30. Rd2 f4 31. exf4 Rxf4 32. f3 Bg7 33. Rhd1 Re7 34. Bg6 Qa7 35. Qf2
Rf6 36. Be5 Rfe6 37. Bf5 Rxe5 38. dxe5 Qc7 39. f4 gxf4 40. Qxf4 Rxe5 41. Be6+
Kh8 1/2-1/2

[Event "SF Olfen 1 - SF Beelen 1"]
[Site "Verbandsliga 2015/2016"]
[Date "2016.04.23"]
[Round "8.4"]
[White "Althoff, Ralph"]
[Black "Ruhe, Johannes"]
[Result "1-0"]
[WhiteElo "1983"]
[BlackElo "1922"]
[PlyCount "49"]
[EventDate "2016.??.??"]
[SourceDate "2015.09.20"]

1. e4 c5 2. Nf3 e6 3. d4 cxd4 4. Nxd4 Nf6 5. Nc3 Bb4 6. e5 Nd5 7. Bd2 Nxc3 8.
bxc3 Be7 9. Qg4 Kf8 10. h4 Nc6 11. Qe4 Qc7 12. f4 a6 13. Bd3 b5 14. a4 Bb7 15.
Qe2 Nxd4 16. cxd4 Qc6 17. axb5 axb5 18. O-O f5 19. Rxa8+ Bxa8 20. Bxb5 Qd5 21.
Be3 Bxh4 22. c4 Qb7 23. Ra1 Bd8 24. Bxd7 Ke7 25. Bxe6 1-0

[Event "SF Olfen 1 - SF Beelen 1"]
[Site "Verbandsliga 2015/2016"]
[Date "2016.04.23"]
[Round "8.5"]
[White "Fuisting, Dominik"]
[Black "Grawunder, Jürgen"]
[Result "0-1"]
[WhiteElo "1727"]
[BlackElo "1969"]
[PlyCount "106"]
[EventDate "2016.??.??"]
[SourceDate "2015.09.20"]

1. d4 Nf6 2. f4 c5 3. e3 cxd4 4. exd4 d5 5. Nf3 Nc6 6. c3 Bg4 7. Bd3 Ne4 8. O-O
f5 9. Qb3 Rb8 10. Ne5 Nxe5 11. fxe5 e6 12. Qa4+ Kf7 13. Qxa7 Be7 14. Nd2 Qc7
15. Qa4 Nxc3 16. bxc3 Qxc3 17. Qb3 Qxd4+ 18. Kh1 Qxe5 19. Bb2 Qd6 20. Rae1 Bf6
21. Nf3 Bxf3 22. Rxf3 g6 23. Rfe3 Bxb2 24. Qxb2 Rhe8 25. Bc2 b5 26. Qd4 Rbc8
27. Bb3 Rc5 28. Qh4 h5 29. Qg5 e5 30. Qh6 Kf6 31. h4 e4 32. R3e2 Qg3 33. Qd2
Ke5 34. Rd1 Qxh4+ 35. Kg1 Qe7 36. Bxd5 Rd8 37. Qd4+ Kf4 38. Qe3+ Kg4 39. Rf1 h4
40. Qh6 Qg5 41. Qxg5+ Kxg5 42. Bf7 Rd3 43. Rb2 e3 44. Be8 Rd2 45. Rxb5 Rcc2 46.
Kh1 e2 47. Rg1 Rd1 48. Rb1 Rxb1 49. Rxb1 Rd2 50. Ba4 Rxa2 51. Bb3 Rb2 52. Rxb2
e1=Q+ 53. Kh2 Qe5+ 0-1

[Event "SF Olfen 1 - SF Beelen 1"]
[Site "Verbandsliga 2015/2016"]
[Date "2016.04.23"]
[Round "8.6"]
[White "Engelkamp, Stephan"]
[Black "Hanewinkel, Christian"]
[Result "1-0"]
[WhiteElo "1886"]
[BlackElo "1694"]
[PlyCount "69"]
[EventDate "2016.??.??"]
[SourceDate "2015.09.20"]

1. c4 f5 2. g3 Nf6 3. Bg2 d6 4. e3 e5 5. Ne2 Nc6 6. O-O Be7 7. Nbc3 Be6 8. Nd5
Qd7 9. a3 a5 10. b3 Nd8 11. Bb2 Nxd5 12. cxd5 Bf7 13. d3 Bh5 14. Qc2 Rc8 15.
Rac1 O-O 16. f4 Bf6 17. Kh1 g5 18. a4 Qe8 19. Rce1 Qg6 20. e4 Bg4 21. d4 gxf4
22. gxf4 Bh4 23. dxe5 Bxe1 24. Rxe1 Kf7 25. exd6 Qxd6 26. e5 Qh6 27. Ng3 Rg8
28. Qc4 Ke8 29. e6 Rg6 30. Ba3 c6 31. Qc5 Qg7 32. h3 Bf3 33. Bxf3 Rxg3 34. Bh5+
Nf7 35. Qe7# 1-0

[Event "SF Olfen 1 - SF Beelen 1"]
[Site "Verbandsliga 2015/2016"]
[Date "2016.04.23"]
[Round "8.7"]
[White "Hofene, Markus"]
[Black "Preuß, Richard"]
[Result "1-0"]
[WhiteElo "1655"]
[BlackElo "1759"]
[PlyCount "69"]
[EventDate "2016.??.??"]
[SourceDate "2015.09.20"]

1. e4 e6 2. d4 d5 3. exd5 exd5 4. Bd3 Nf6 5. Nf3 Be7 6. O-O O-O 7. h3 c6 8. Re1
Re8 9. Nbd2 Nbd7 10. Nf1 Bd6 11. Rxe8+ Qxe8 12. Ne3 Ne4 13. c4 Ndf6 14. cxd5
cxd5 15. Qc2 Be6 16. Qe2 Rc8 17. Nh4 Qd7 18. g4 Ng5 19. Qf1 Bb8 20. Nef5 Nge4
21. Qg2 Rc6 22. f3 Nd6 23. Bg5 Nfe8 24. Ne7+ Kf8 25. Bxh7 Nc8 26. Nxc6 Qxc6 27.
Rc1 Qa4 28. Qd2 Qxa2 29. Bf5 Qa6 30. Bxe6 Qxe6 31. Nf5 f6 32. Re1 Qc6 33. Bf4
Bxf4 34. Qxf4 g6 35. Qh6+ 1-0

[Event "SF Olfen 1 - SF Beelen 1"]
[Site "Verbandsliga 2015/2016"]
[Date "2016.04.23"]
[Round "8.8"]
[White "Boenigk, Winfried"]
[Black "Rausch, Arndt"]
[Result "0-1"]
[WhiteElo "1751"]
[BlackElo "1680"]
[PlyCount "52"]
[EventDate "2016.??.??"]
[SourceDate "2015.09.20"]

1. d4 d5 2. c4 c6 3. Nf3 Bf5 4. Nc3 e6 5. e3 Nf6 6. Be2 h6 7. O-O Bd6 8. h3 O-O
9. c5 Bc7 10. b4 Nbd7 11. b5 Ne4 12. Nxe4 dxe4 13. Nd2 Qg5 14. f4 Qg3 15. Nxe4
Bxe4 16. Bf3 Nf6 17. bxc6 bxc6 18. Bxe4 Nxe4 19. Qa4 Nc3 20. Qc2 Nd5 21. Rf3
Qe1+ 22. Kh2 Qc3 23. Qxc3 Nxc3 24. Bd2 Ne4 25. Be1 Rab8 26. Kg1 Rb2 0-1